Spell the Marvel Character #71 - Statistics

General Stats
  • This quiz has been taken 40 times
  • The average score is 7 of 10
Answer Stats
Picture Answer % Correct
Ant-Man
100%
Spider-Man
100%
Captain America
92%
Thor
92%
Spider-Gwen
85%
Angel
77%
Havok
58%
Sasquatch
58%
Quasar
46%
Ulysses Bloodstone
35%
No matching quizzes found
Score Distribution
Percent of People with Each Score
Percentile by Number Answered
Your Score History
You have not taken this quiz